| 000 | 00407nam a22001577a 4500 | ||
|---|---|---|---|
| 005 | 20180323105915.0 | ||
| 008 | 160519b xxu||||| |||| 00| 0 eng d | ||
| 020 | _a81-7014-990-8 | ||
| 041 | _aeng | ||
| 082 |
_b3291 _a338.5024658 |
||
| 100 |
_aVarshney/RL. Maheshwari _9807 |
||
| 245 | _aManagerial Economics | ||
| 260 |
_aNew Delhi _bSultan Chand & Sons. _c2002 |
||
| 650 |
_aManagement _9241 |
||
| 942 | _cBK | ||
| 999 |
_c1119 _d1119 |
||